Normal view
MARC view
- وسائل الإتصال وثقافة التغيير - مؤتمرات
Entry Topical Term
001 - CONTROL NUMBER
- control field: 45979
003 - CONTROL NUMBER IDENTIFIER
- control field: JO-AjAnu
005 - DATE AND TIME OF LATEST TRANSACTION
- control field: 20230606081613.0
008 - FIXED-LENGTH DATA ELEMENTS
- fixed length control field: 230606|| aca||aabn | a|a d
040 ## - CATALOGING SOURCE
- Original cataloging agency: JO-AjAnu
- Transcribing agency: JO-AjAnu
150 ## - HEADING--TOPICAL TERM
- Topical term or geographic name entry element: وسائل الإتصال وثقافة التغيير - مؤتمرات
670 ## - SOURCE DATA FOUND
- Source citation: Work cat.: (JO-AjAnu)23538: جامعة فيلادافيا، أبو أصبع، صالح محرر ومقدم، عبد الخالق، غسان إسماعيل محرر ومقدم, author 45978, وسائل الإتصال وثقافة التغيير: أوراق مؤتمر فيلادلفيا الدولي السابع عشر 6 - 8 تشرين الثاني( نوفمبر) 2012 بحوث علمية محكمة